Poética y arquitectura
Saved in:
| Hovedforfatter: | |
|---|---|
| Format: | Bog |
| Sprog: | spansk |
| Udgivet: |
Barcelona
Anagrama
1981
|
| Serier: | Colección Argumentos, 65
|
| Fag: | |
| Tags: |
Tilføj Tag
Ingen Tags, Vær først til at tagge denne postø!
|
MARC
| LEADER | 00000nam a2200000 a 4500 | ||
|---|---|---|---|
| 001 | UCL5528 | ||
| 003 | CL-VaPUC | ||
| 008 | 040312e19810000SP |||||||||||||||||spa|d | ||
| 020 | |a 843390065X | ||
| 082 | 0 | 4 | |a 720.1 |b MUN |2 21 |
| 100 | |a Muntañola i Thornberg, Josep |e autor |9 483792 | ||
| 245 | 1 | 0 | |a Poética y arquitectura |
| 300 | |a 121 p | ||
| 942 | |c BK | ||
| 945 | |d 20040312 00:00:00 |a cmena | ||
| 260 | |a Barcelona |b Anagrama |c 1981 | ||
| 650 | 0 | |a Filosofía de la arquitectura |9 267382 | |
| 650 | 0 | |a Semántica |9 265318 | |
| 650 | 0 | |a Creación artística |9 266215 | |
| 583 | |a last modification |c 20040312 00:00:00 |k Rodrigo Vera | ||
| 490 | 0 | |a Colección Argumentos, 65 | |
| 999 | |c 308053 |d 308051 | ||
| 952 | |0 0 |1 0 |4 0 |6 720_100000000000000_MUN_1981 |7 0 |8 A |9 374276 |a BIBARQ |b BIBARQ |d 2019-11-21 |i 3966674 |o 720.1 MUN 1981 |p 3966674 |r 2025-01-20 |w 2019-11-21 |y BK |k ARQ | ||